Loading...
| History - European | 0 | 6 | 0 | 2 | 60 | 117 | 135.00 | 2 | 6 | 4.65 | 41.67 |
| History - American | 1 | 4 | 1 | 1 | 50 | 67 | 102.00 | 2 | 5 | 17.28 | 41.67 |
| Science - Biology | 0 | 4 | 0 | 1 | 40 | 115 | 130.50 | 0 | 4 | 2.05 | 13.33 |
| History - World | 0 | 5 | 2 | 0 | 40 | 109 | 131.40 | 1 | 5 | 2.66 | 17.78 |
| Current Events | 1 | 2 | 0 | 1 | 35 | 38 | 110.67 | 1 | 3 | 10.79 | 23.81 |
| Social Science | 0 | 3 | 0 | 2 | 30 | 83 | 103.67 | 2 | 3 | 4.87 | 15.56 |
| Geography | 0 | 3 | 1 | 2 | 25 | 81 | 110.67 | 1 | 3 | 6.95 | 18.75 |
| Literature - Poetry | 0 | 2 | 0 | 0 | 20 | 154 | 162.00 | 0 | 2 | 0.12 | 6.67 |
| Mythology | 1 | 1 | 1 | 1 | 20 | 57 | 100.00 | 1 | 2 | 8.44 | 19.05 |
| Science - Chemistry | 0 | 2 | 0 | 1 | 20 | 131 | 133.50 | 1 | 1 | 0.29 | 6.67 |
| Religion | 0 | 2 | 0 | 1 | 20 | 98 | 115.00 | 2 | 2 | 4.21 | 25.00 |
| Philosophy | 1 | 0 | 0 | 0 | 15 | 67 | 67.00 | 1 | 1 | 5.47 | 10.00 |
| Fine Arts - Classical Music | 0 | 1 | 0 | 0 | 10 | 135 | 135.00 | 0 | 1 | 0.22 | 3.33 |
| Fine Arts - Painting and Sculpture | 0 | 1 | 0 | 0 | 10 | 123 | 123.00 | 0 | 1 | 1.63 | 3.33 |
| Literature - Drama | 0 | 1 | 0 | 0 | 10 | 153 | 153.00 | 0 | 1 | 0.24 | 4.17 |
| Other Academic | 0 | 1 | 0 | 0 | 10 | 99 | 99.00 | 0 | 1 | 2.83 | 6.67 |
| Science - Other | 0 | 1 | 0 | 0 | 10 | 98 | 98.00 | 0 | 1 | 3.60 | 7.41 |
| Science - Physics | 0 | 1 | 0 | 1 | 10 | 134 | 134.00 | 0 | 1 | 0.07 | 3.33 |
| Short Fiction and Other | 0 | 1 | 0 | 0 | 10 | 137 | 137.00 | 0 | 1 | 1.32 | 4.76 |
| Fine Arts - Other | 0 | 1 | 0 | 1 | 10 | 151 | 151.00 | 0 | 1 | 0.09 | 2.22 |
| History - Other | 0 | 1 | 1 | 0 | 5 | 132 | 132.00 | 0 | 1 | 1.06 | 11.11 |
| Literature - Long Fiction | 0 | 0 | 1 | 0 | -5 | 0.00 | 0 | 0 | 0.00 | 0.00 | |
| History - Ancient | 0 | 0 | 1 | 0 | -5 | 0.00 | 0 | 0 | 0.00 | 0.00 |